[Event "Danzhou Hainan op 1st"]
[Site "Danzhou"]
[Date "2016.12.16"]
[Round "9"]
[White "Zhang, Ruixiang"]
[Black "Huang, Renjie"]
[Result "0-1"]
[WhiteElo "1908"]
[BlackElo "2158"]
[PlyCount "88"]
[EventDate "2016.12.07"]
[EventType "swiss"]
[EventRounds "9"]
[EventCountry "CHN"]
[SourceTitle "CBM 176 Extra"]
[Source "ChessBase"]
[SourceDate "2017.03.02"]
[SourceVersion "1"]
[SourceVersionDate "2017.03.02"]
[SourceQuality "1"]

1. d4 d5 2. c4 e6 3. Nc3 Nf6 4. Nf3 c6 5. e3 Nbd7 6. Bd3 dxc4 7. Bxc4 b5 8. Bd3 Bb7 9. 0-0 a6 10. e4 b4 11. Na4 c5 12. e5 Nd5 13. dxc5 Bxc5 14. Nxc5 Nxc5 15. Bc2 Qc7 16. Qe2 a5 17. Rd1 Ba6 18. Qe1 0-0 19. Be3 Bb7 20. Bd4 Qe7 21. Nd2 Rac8 22. Ne4 Nxe4 23. Bxe4 Nf4 24. Qe3 Bxe4 25. Qxe4 Nd5 26. Rac1 Qg5 27. Rxc8 Rxc8 28. g3 h6 29. h4 Qe7 30. Be3 a4 31. Rc1 Rxc1+ 32. Bxc1 Qc5 33. Be3 Nxe3 34. Qxe3 Qc2 35. Qd4 a3 36. bxa3 bxa3 37. Kh2 Qxa2 38. Qd8+ Kh7 39. Qd3+ g6 40. Qf3 Kg8 41. Qa8+ Kg7 42. Qf3 Qb2 43. Qf6+ Kg8 44. h5 g5 0-1

[Event "Danzhou Hainan op 1st"]
[Site "Danzhou"]
[Date "2016.12.13"]
[Round "6"]
[White "Zhu, Jiner"]
[Black "Zhang, Ruixiang"]
[Result "1-0"]
[WhiteElo "2165"]
[BlackElo "1908"]
[PlyCount "93"]
[EventDate "2016.12.07"]
[EventType "swiss"]
[EventRounds "9"]
[EventCountry "CHN"]
[SourceTitle "CBM 176 Extra"]
[Source "ChessBase"]
[SourceDate "2017.03.02"]
[SourceVersion "1"]
[SourceVersionDate "2017.03.02"]
[SourceQuality "1"]

1. e4 e5 2. Nf3 Nc6 3. Bb5 a6 4. Ba4 Nf6 5. 0-0 Be7 6. Re1 b5 7. Bb3 d6 8. c3 0-0 9. h3 Na5 10. Bc2 c5 11. d4 Qc7 12. Nbd2 cxd4 13. cxd4 Nc6 14. d5 Nb4 15. Bb1 a5 16. a3 Na6 17. Nf1 Bd7 18. Ng3 Nc5 19. Bd2 Rfc8 20. Bc2 Qb7 21. Nh4 g6 22. Nf3 Bf8 23. b3 Bg7 24. Be3 Be8 25. Nh2 a4 26. b4 Ncd7 27. Nhf1 Nb6 28. Nd2 Rc7 29. Bd3 Nc4 30. Nxc4 bxc4 31. Bc2 Bb5 32. Rc1 Qa6 33. Qf3 c3 34. Bd1 Rac8 35. Be2 Nd7 36. Rc2 Bd3 37. Bxd3 Qxd3 38. Rec1 h6 39. Qe2 Qxe2 40. Nxe2 f5 41. f3 fxe4 42. fxe4 Nf6 43. Rxc3 Rxc3 44. Rxc3 Rb8 45. Rc4 Bf8 46. Nc3 Ra8 47. b5 1-0

[Event "Danzhou Hainan op 1st"]
[Site "Danzhou"]
[Date "2016.12.08"]
[Round "2"]
[White "Tan, Zhongyi"]
[Black "Zhang, Ruixiang"]
[Result "1-0"]
[WhiteElo "2496"]
[BlackElo "1908"]
[PlyCount "61"]
[EventDate "2016.12.07"]
[EventType "swiss"]
[EventRounds "9"]
[EventCountry "CHN"]
[SourceTitle "CBM 176 Extra"]
[Source "ChessBase"]
[SourceDate "2017.03.02"]
[SourceVersion "1"]
[SourceVersionDate "2017.03.02"]
[SourceQuality "1"]

1. d4 d5 2. c4 e6 3. Nf3 Nf6 4. Nc3 Be7 5. Bg5 0-0 6. e3 h6 7. Bxf6 Bxf6 8. Qc2 c6 9. 0-0-0 Nd7 10. h4 Qe7 11. g4 g6 12. g5 hxg5 13. hxg5 Bg7 14. Bd3 dxc4 15. Bxc4 b5 16. Bd3 Bb7 17. Be4 Nb6 18. Ne5 c5 19. Nxg6 fxg6 20. Bxb7 Qxb7 21. Qxg6 Rf5 22. dxc5 Rxc5 23. Rh4 Qc7 24. Rdh1 Rxc3+ 25. Kb1 Rc1+ 26. Rxc1 Qe5 27. Qh7+ Kf8 28. Rf4+ Ke7 29. Rf6 Qxg5 30. Rg6 Qf5+ 31. Ka1 1-0

[Event "Danzhou Hainan op 1st"]
[Site "Danzhou"]
[Date "2016.12.07"]
[Round "1"]
[White "Zhang, Ruixiang"]
[Black "Xu, Minghui"]
[Result "1-0"]
[WhiteElo "1908"]
[BlackElo "2341"]
[PlyCount "63"]
[EventDate "2016.12.07"]
[EventType "swiss"]
[EventRounds "9"]
[EventCountry "CHN"]
[SourceTitle "CBM 176 Extra"]
[Source "ChessBase"]
[SourceDate "2017.03.02"]
[SourceVersion "1"]
[SourceVersionDate "2017.03.02"]
[SourceQuality "1"]

1. d4 Nf6 2. c4 g6 3. Nc3 d5 4. cxd5 Nxd5 5. Bd2 Bg7 6. e4 Nb6 7. Be3 0-0 8. Nf3 Bg4 9. Be2 e6 10. h3 Bxf3 11. Bxf3 Nc4 12. e5 Nxe3 13. fxe3 Qh4+ 14. Ke2 Nc6 15. Ne4 Rfd8 16. Qe1 Qe7 17. Qc3 Nb4 18. Qc5 Qxc5 19. Nxc5 Nd5 20. Rac1 b6 21. Nd3 c5 22. dxc5 Rac8 23. b4 bxc5 24. bxc5 Bh6 25. Bxd5 Rxd5 26. Rc4 Bg7 27. Rd4 Rdxc5 28. Nxc5 Rxc5 29. Rd8+ Bf8 30. Rb1 Kg7 31. Rbb8 Be7 32. Rd7 1-0